000 00579cam a2200229 4500
001 J734
008 090401t1992 xxu||||| |||| 00| 0 eng d
035 _a(Sirsi) u76486
041 _aeng
050 _a333.337
110 _aChesterton
_92357
245 _aEvolution in the petrol filling station market.
260 _aLondon
_bChesterton
_c1992
300 _a(4)p. ; 30cm.
350 _a0
490 _aMarket Briefing
_v1
650 _aPETROL FILLING STATIONS
650 _aSUPERSTORES
690 _aPROPERTY-COMMERCIAL PROPERTY
942 _n0
948 _c04/03/1997
999 _c96187
_d96187